[Event "Umuarama JOJUPS Cup"]
[Site "Umuarama"]
[Date "2013.??.??"]
[Round "3"]
[White "Barbosa, Jefferson Lucas Mun"]
[Black "Segato, Joao Paulo"]
[Result "1/2-1/2"]
[WhiteElo "1923"]
[BlackElo "1716"]
[PlyCount "69"]
[EventDate "2013.10.19"]
[EventType "team-swiss"]
[EventRounds "6"]
[EventCountry "BRA"]
[SourceTitle "EXT 2014"]
[Source "ChessBase"]
[SourceDate "2013.11.20"]
[SourceVersion "1"]
[SourceVersionDate "2013.11.20"]
[SourceQuality "1"]
[WhiteTeam "Sao Jose dos Pinhais"]
[BlackTeam "Paranavai"]
[WhiteTeamCountry "BRA"]
[BlackTeamCountry "BRA"]

1. Nc3 e6 2. e4 d5 3. d4 dxe4 4. Nxe4 Nf6 5. Bg5 Be7 6. Bxf6 Bxf6 7. Nf3 0-0 8. c3 Nd7 9. Bd3 Qe7 10. Qe2 c5 11. dxc5 Nxc5 12. Nxc5 Qxc5 13. 0-0 Rd8 14. Rad1 Bd7 15. Qe4 g6 16. Qf4 Qe7 17. Ne5 Bxe5 18. Qxe5 Bc6 19. Rfe1 Rd5 20. Qe3 Rad8 21. Be2 Rxd1 22. Bxd1 a6 23. Bb3 Qd6 24. h4 Qd3 25. Qg5 Rd7 26. Re3 Qf5 27. Qg3 h6 28. Re5 Qf6 29. Re1 Rd2 30. h5 g5 31. Rb1 Qf4 32. Rd1 Rxb2 33. Rd8+ Kg7 34. c4 Rb1+ 35. Kh2 1/2-1/2

[Event "Umuarama JOJUPS Cup"]
[Site "Umuarama"]
[Date "2013.??.??"]
[Round "4"]
[White "Segato, Joao Paulo"]
[Black "Merlo, Rodrigo Cesar"]
[Result "1/2-1/2"]
[WhiteElo "1716"]
[BlackElo "1818"]
[PlyCount "104"]
[EventDate "2013.10.19"]
[EventType "team-swiss"]
[EventRounds "6"]
[EventCountry "BRA"]
[SourceTitle "EXT 2014"]
[Source "ChessBase"]
[SourceDate "2013.11.20"]
[SourceVersion "1"]
[SourceVersionDate "2013.11.20"]
[SourceQuality "1"]
[WhiteTeam "Paranavai"]
[BlackTeam "Maringa"]
[WhiteTeamCountry "BRA"]
[BlackTeamCountry "BRA"]

1. d4 Nf6 2. Nf3 e6 3. Bf4 d5 4. e3 Bd6 5. Bg3 0-0 6. Bd3 Qe7 7. Nbd2 Nbd7 8. Ne5 c5 9. c3 b6 10. Ndf3 Bxe5 11. dxe5 Ne4 12. Bxe4 dxe4 13. Nd2 Bb7 14. Qg4 f5 15. exf6 Nxf6 16. Qe2 Rad8 17. Qc4 Qd7 18. Qe2 Qd3 19. Qxd3 exd3 20. 0-0 Ne4 21. Nxe4 Bxe4 22. Rad1 d2 23. f3 Bc2 24. Kf2 c4 25. e4 Bxe4 26. Ke3 Bg6 27. Rxd2 Rxd2 28. Kxd2 Rd8+ 29. Kc1 Kf7 30. Rd1 Bd3 31. Be5 g5 32. g3 h5 33. Rd2 Rd5 34. f4 b5 35. Bd4 a5 36. fxg5 Rxg5 37. Rf2+ Bf5 38. Rf4 Ke8 39. a3 Kd7 40. Be5 Kc6 41. Rd4 Bg4 42. Bf6 Rf5 43. Rf4 Rxf4 44. gxf4 Kd5 45. Bd8 Ke4 46. Bg5 h4 47. Bxh4 Kxf4 48. Kd2 e5 49. Bg3+ Ke4 50. Bf2 Kf3 51. Bc5 e4 52. Bd4 Bh3 1/2-1/2

[Event "Parana-chT U18"]
[Site "Sao Jose dos Pinhais"]
[Date "2012.11.19"]
[Round "6.1"]
[White "Machado, Samuel Correa"]
[Black "Segato, Joao Paulo"]
[Result "1/2-1/2"]
[WhiteElo "1705"]
[BlackElo "1657"]
[PlyCount "66"]
[EventDate "2012.11.14"]
[EventType "team-swiss"]
[EventRounds "7"]
[EventCountry "BRA"]
[SourceTitle "EXT 2024"]
[Source "ChessBase"]
[SourceDate "2023.10.10"]
[SourceVersion "1"]
[SourceVersionDate "2023.10.10"]
[SourceQuality "1"]
[WhiteTeam "Ponta Grossa"]
[BlackTeam "Paranavai"]
[WhiteTeamCountry "BRA"]
[BlackTeamCountry "BRA"]

1. d4 Nf6 2. c4 g6 3. Nc3 Bg7 4. e4 d6 5. f3 0-0 6. Nge2 Nbd7 7. Be3 e5 8. Qd2 Nb6 9. b3 a5 10. dxe5 dxe5 11. Bxb6 cxb6 12. Rd1 Be6 13. Qxd8 Raxd8 14. Rxd8 Rxd8 15. Nd5 Nxd5 16. cxd5 Bd7 17. Nc3 Bf8 18. Nb1 Rc8 19. Kd1 f5 20. h3 b5 21. Bd3 f4 22. Ke2 b4 23. Nd2 b5 24. g3 g5 25. gxf4 gxf4 26. Rg1+ Kf7 27. h4 Rc3 28. Nb1 Rc8 29. h5 a4 30. Nd2 a3 31. Kd1 Rc3 32. Ke2 Rc8 33. Kd1 Rc3 1/2-1/2

[Event "Parana-chT U18"]
[Site "Sao Jose dos Pinhais"]
[Date "2012.11.17"]
[Round "4.1"]
[White "Segato, Joao Paulo"]
[Black "Merlo, Rodrigo Cesar"]
[Result "1-0"]
[WhiteElo "1657"]
[BlackElo "1733"]
[PlyCount "55"]
[EventDate "2012.11.14"]
[EventType "team-swiss"]
[EventRounds "7"]
[EventCountry "BRA"]
[SourceTitle "EXT 2024"]
[Source "ChessBase"]
[SourceDate "2023.10.10"]
[SourceVersion "1"]
[SourceVersionDate "2023.10.10"]
[SourceQuality "1"]
[WhiteTeam "Paranavai"]
[BlackTeam "Francisco Beltrao"]
[WhiteTeamCountry "BRA"]
[BlackTeamCountry "BRA"]

1. d4 Nf6 2. Nf3 e6 3. Bf4 d5 4. e3 c5 5. Nbd2 Nc6 6. c3 b6 7. Bd3 Be7 8. 0-0 0-0 9. Ne5 Bb7 10. Ndf3 Ne4 11. Nxc6 Bxc6 12. Ne5 Bb7 13. f3 Nf6 14. Qe1 Nh5 15. Bg3 Bd6 16. f4 Bxe5 17. fxe5 Nxg3 18. Qxg3 f5 19. exf6 Rxf6 20. Qh3 Rh6 21. Qf3 Qf6 22. Qg3 Qe7 23. Rf3 Rf8 24. Raf1 Rxf3 25. Rxf3 e5 26. Qxe5 Qxe5 27. dxe5 d4 28. Bc4+ 1-0